| 000 | 00814nam a2200229Ia 4500 | ||
|---|---|---|---|
| 008 | 240729s9999 xx 000 0 und d | ||
| 022 | _a2182-4010 | ||
| 245 | 0 | _aISEL Academic Journal of Electronics, Telecommunications and Computers | |
| 260 | _aPortugal | ||
| 260 | _bInstituto Superior de Engenharia de Lisboa (ISEL) | ||
| 650 | _a Electrical engineering. Electronics. Nuclear engineering | ||
| 650 | _a Electrical engineering. Electronics. Nuclear engineering | ||
| 650 | _a Electronic computers. Computer science | ||
| 650 | _a Electronics | Science | ||
| 650 | _a Instruments and machines | ||
| 650 | _a Mathematics | ||
| 650 | _a Telecommunication | Technology | ||
| 650 | _aTechnology | ||
| 856 | _uhttps://doaj.org/toc/b355e42d87c341298ca8a4b24c4b7b88 | ||
| 942 | _2ddc | ||
| 942 | _cDOAJEJ | ||
| 999 |
_c66729 _d66729 |
||
| 945 |
_a1 _bMadushi Gamage _c1 _dMadushi Gamage |
||